The Utrecht Psalter in medieval art : picturing the psalms of David ; [... published in conjunction with the exhibiton "Het Utrechts Psalter. Middeleeuwse Meesterwerken rond een Beroemd Handschrift", Utrecht, Museum Catharijneconvent, 31 August - 17 November 1996]
Saved in:
| Other Authors: | |
|---|---|
| Document Type: | Conference Proceeding Book |
| Language: | English |
| Published: |
MS't Goy-Houten
: HES Publ.
, 1996
|
| Subjects: | |
| Online Access: | Inhaltsverzeichnis Inhaltsverzeichnis |
| Related Items: | Rezension:
[Rezension von: The Utrecht Psalter in medieval art, Picturing the psalms of David] |
| Author Notes: | Museum Catharijne Convent; Universiteit Utrecht, University Library. Ed. by Koert van der Horst ... |
| LEADER | 05740cam a2201009 c 4500 | ||
|---|---|---|---|
| 001 | 21706485X | ||
| 003 | DE-627 | ||
| 005 | 20260613203531.0 | ||
| 007 | tu | ||
| 008 | 961108s1996 ne ||||| c 00| ||eng c | ||
| 020 | |a 9061943280 |9 90-6194-328-0 | ||
| 020 | |a 9061943183 |9 90-6194-318-3 | ||
| 035 | |a (DE-627)21706485X | ||
| 035 | |a (DE-603)050803700 | ||
| 035 | |a (DE-576)055181635 | ||
| 035 | |a (DE-599)GBV21706485X | ||
| 035 | |a (OCoLC)1532620275 | ||
| 035 | |a (OCoLC)312607307 | ||
| 035 | |a (OCoLC)614056738 | ||
| 035 | |a (OCoLC)243844723 | ||
| 040 | |a DE-627 |b ger |c DE-627 |e rakwb | ||
| 041 | |a eng | ||
| 044 | |c XA-NL | ||
| 050 | 0 | |a BX2033 | |
| 082 | 0 | |a 745.6/7/0944 | |
| 084 | |a 9,10 |2 ssgn | ||
| 084 | |a AM 53800 |2 rvk |0 (DE-625)rvk/4360: | ||
| 084 | |a AM 44000 |2 rvk |0 (DE-625)rvk/4296: | ||
| 084 | |a LH 72210 |2 rvk |0 (DE-625)rvk/94918: | ||
| 084 | |a NM 9200 |2 rvk |0 (DE-625)rvk/126478: | ||
| 084 | |a 06.12 |2 bkl | ||
| 084 | |a 06.22 |2 bkl | ||
| 084 | |a 21.19 |2 bkl | ||
| 084 | |a 21.29 |2 bkl | ||
| 245 | 0 | 4 | |a The Utrecht Psalter in medieval art |b picturing the psalms of David ; [... published in conjunction with the exhibiton "Het Utrechts Psalter. Middeleeuwse Meesterwerken rond een Beroemd Handschrift", Utrecht, Museum Catharijneconvent, 31 August - 17 November 1996] |c Museum Catharijne Convent; Universiteit Utrecht, University Library. Ed. by Koert van der Horst ... |
| 246 | 3 | 3 | |a Het Utrecht Psalter |
| 264 | 1 | |a MS't Goy-Houten |b HES Publ. |c 1996 | |
| 300 | |a XII, 271 S. |b zahlr. Ill., Kt. |c 33 cm | ||
| 336 | |a Text |b txt |2 rdacontent | ||
| 336 | |a unbewegtes Bild |b sti |2 rdacontent | ||
| 337 | |a ohne Hilfsmittel zu benutzen |b n |2 rdamedia | ||
| 338 | |a Band |b nc |2 rdacarrier | ||
| 500 | |a Literaturverz. S. 256 - 262 | ||
| 505 | 8 | |a Literaturverz. S. 256 - 262 | |
| 583 | 1 | |a Archivierung/Langzeitarchivierung gewährleistet |f SSG |x XA-DE-BW |2 pdager |5 DE-16 | |
| 583 | 1 | |a Archivierung prüfen |c 20240324 |f DE-4165 |z 3 |2 pdager | |
| 610 | 2 | 7 | |0 (DE-588)4255210-2 |0 (DE-627)104680555 |0 (DE-576)210545577 |a Universiteitsbibliotheek |g Utrecht |2 gnd |
| 630 | 0 | 7 | |0 (DE-588)4187293-9 |0 (DE-627)104528273 |0 (DE-576)210044853 |a Utrecht-Psalter |2 gnd |
| 648 | 7 | |a Geschichte 800-1200 |2 gnd | |
| 650 | 0 | 7 | |0 (DE-588)4049716-1 |0 (DE-627)104675152 |0 (DE-576)209083182 |a Rezeption |2 gnd |
| 650 | 0 | 7 | |0 (DE-588)4176114-5 |0 (DE-627)105358967 |0 (DE-576)209968443 |a Psalter |2 gnd |
| 650 | 0 | 7 | |0 (DE-588)4008650-1 |0 (DE-627)104318244 |0 (DE-576)208877517 |a Buchmalerei |2 gnd |
| 653 | 0 | |a Utrecht psalter |a Exhibitions | |
| 653 | 0 | |a Bible |a O.T |a Psalms |a Illustrations |a Exhibitions | |
| 653 | 0 | |a Illumination of books and manuscripts, Carolingian |a Exhibitions | |
| 653 | 0 | |a Illumination of books and manuscripts, Medieval |a Exhibitions | |
| 653 | 0 | |a Art, Medieval |a Exhibitions | |
| 655 | 7 | |a Ausstellungskatalog |y 1996 |z Utrecht |0 (DE-588)4135467-9 |0 (DE-627)10566491X |0 (DE-576)209660988 |2 gnd-content | |
| 689 | 0 | 0 | |d s |0 (DE-588)4120472-4 |0 (DE-627)105776262 |0 (DE-576)209535407 |a Illuminierte Handschrift |2 gnd |
| 689 | 0 | 1 | |d u |0 (DE-588)4187293-9 |0 (DE-627)104528273 |0 (DE-576)210044853 |a Utrecht-Psalter |2 gnd |
| 689 | 0 | |5 (DE-627) | |
| 700 | 1 | |a Horst, Koert van der |d 1950- |e Hrsg. |0 (DE-588)1053042353 |0 (DE-627)789550148 |0 (DE-576)161490794 |4 edt | |
| 710 | 2 | |a Rijksmuseum Het Catharijneconvent |0 (DE-588)1089315-5 |0 (DE-627)100633307 |0 (DE-576)191543411 |4 oth | |
| 710 | 2 | |a Rijksuniversiteit Utrecht |b Bibliotheek |0 (DE-588)2019860-7 |0 (DE-627)102013845 |0 (DE-576)191732109 |4 oth | |
| 711 | 2 | |a Exhibition het Utrechts Psalter, Middeleeuwse Meesterwerken rond een Beroemd Handschrift |d 1996 |c Utrecht |0 (DE-588)5187160-9 |0 (DE-627)216849853 |0 (DE-576)195962524 |4 oth | |
| 787 | 0 | 8 | |i Rezension |a Polaczek, Barbara, 1967 - |t [Rezension von: The Utrecht Psalter in medieval art, Picturing the psalms of David] |d 1997 |w (DE-627)1539398234 |w (DE-576)46939823X |
| 856 | 4 | 2 | |u https://swbplus.bsz-bw.de/bsz055181635inh.htm |m B:DE-576;DE-16 |q application/pdf |v 20100908145024 |x Verlag |3 Inhaltsverzeichnis |7 1 |
| 856 | 4 | 2 | |u http://scans.hebis.de/HEBCGI/show.pl?05080370_toc.pdf |m V:DE-576;B:DE-16 |q application/pdf |3 Inhaltsverzeichnis |7 1 |
| 889 | |w (DE-627)228328845 | ||
| 889 | |w (DE-627)46949378X | ||
| 935 | |i Blocktest | ||
| 936 | r | v | |a AM 53800 |b Einzelne illuminierte Handschriften |k Allgemeines |k Schrift und Handschriftenkunde. Schriftarten und Schreiben |k Handschriftenkunde |k Buchmalerei |k Einzelne illuminierte Handschriften |0 (DE-627)127066638X |0 (DE-625)rvk/4360: |0 (DE-576)20066638X |
| 936 | r | v | |a AM 44000 |b Ausstellungen, Ausstellungskataloge |k Allgemeines |k Schrift und Handschriftenkunde. Schriftarten und Schreiben |k Handschriftenkunde |k Geschichte und Forschung |k Ausstellungen, Ausstellungskataloge |0 (DE-627)1270665987 |0 (DE-625)rvk/4296: |0 (DE-576)200665987 |
| 936 | r | v | |a LH 72210 |b Psalter-Illustrationen |k Kunstgeschichte |k Allgemeines. Allgemeine Kunstgeschichte |k Kunstgeschichte einzelner Gattungen der Kunst |k Buchmalerei |k nach Buchformen |k Psalter-Illustrationen |0 (DE-627)1271111543 |0 (DE-625)rvk/94918: |0 (DE-576)201111543 |
| 936 | r | v | |a NM 9200 |b Burgund, Niederlande |k Geschichte |k Geschichte des Mittelalters |k Geschichte der auswärtigen Staaten und Völker |k Europäische Staaten und Völker |k Burgund, Niederlande |0 (DE-627)1271463512 |0 (DE-625)rvk/126478: |0 (DE-576)201463512 |
| 936 | b | k | |a 06.12 |j Kodikologie |0 (DE-627)106416537 |
| 936 | b | k | |a 06.22 |j Buchgestaltung |0 (DE-627)106403591 |
| 936 | b | k | |a 21.19 |j Malerei: Sonstiges |0 (DE-627)106406663 |
| 936 | b | k | |a 21.29 |j Zeichnung: Sonstiges |x Kunst |0 (DE-627)106406655 |
| 936 | s | n | |a a200 |2 mzub |
| 936 | s | n | |a l300 |2 mzub |
| 936 | s | n | |a n100 |2 mzub |
| 951 | |a BO | ||
| 990 | |a Illuminierte Handschrift | ||
| 990 | |a Utrecht-Psalter | ||
| 991 | |a Rezensiertes Werk | ||
| 999 | |a KXP-PPN21706485X |e 4004789982 | ||


